| 000 | 00939cab a2200289 4500 | ||
|---|---|---|---|
| 001 | ABS59034 | ||
| 008 | 090401t1998 xxu||||| |||| 00| 0 eng d | ||
| 035 | _a(Sirsi) u87713 | ||
| 041 | _aeng | ||
| 100 | _aElford, J. | ||
| 245 | _aNature programme | ||
| 260 | _c1998 | ||
| 350 | _a0 | ||
| 490 |
_aProperty Week _v63(13) 17 July 1998, 30-31(2) |
||
| 520 | _aComments on the increase in conservation controls and their impact on development and, questions whether restrictive planning is now hampering economic advancement. | ||
| 650 | _aENGLISH NATURE | ||
| 650 | _aENVIRONMENTAL ISSUES | ||
| 650 | _aEU DIRECTIVES | ||
| 650 | _aNATIONAL NATURE RESERVES | ||
| 650 | _aPLANNING RESTRICTIONS | ||
| 650 | _aSITES OF SPECIAL SCIENTIFIC INTEREST | ||
| 650 | _aSPECIAL AREAS OF CONSERVATION | ||
| 650 | _aSPECIAL PROTECTION AREAS FOR BIRDS | ||
| 690 | _aPROPERTY-PROPERTY DEVELOPMENT | ||
| 942 | _n0 | ||
| 948 | _c29/07/1998 | ||
| 999 |
_c55345 _d55345 |
||